Регионална библиотека "Любен Каравелов" - Русе

Медвен (Запис номер 183942)

MARC детайли
000 -Лидер
Контролно поле с фиксирана дължина 01189nam a2200337 c 4500
003 - Код на организацията, давaща контролен номер
Контролно поле BLK
005 - Дата и час на последна редакция
Контролно поле 20180421000232.0
008 - Елементи от данни с фиксирана дължина
fixed length control field 180411b bul|||||r ||||||| ||bul||
010 ## - Наследен системен номер
LC control number KNG00192887000
040 ## - Източник на каталожния запис
Идентификатор на билиотеката - собственик на записа BLK
041 ## - Код за език
Код за езика на текст/звукозапис или на отделно заглавие Български
Код за езика КДБФ Български
080 ## - УДК
Текстов определител УДК Краезнание
УДК код - определител по УДК 908
УДК определител (497.235.1)(036)
УДК - код + определител 908(497.235.1)(036)
100 1# - Редна дума - Автор
Автор Дичински, Атанас
Авторска отговорност първи автор
R(LIN) 63434
139 ## - Редно поле
Редна дума Дичински, Атанас
Авторски знак Дич - Д 64
245 10 - Сведения за заглавието
Заглавие Медвен
Подзаглавни данни Краеведчески очерк с маршрути
Редно поле (дума) Атанас Дичински.
257 ## - Страна на издаване
Страна на създаване/издаване България
260 ## - Област на издателските данни
-- София
Име на издателя, разпространителя и проч. Медицина и физкултура
Година на издаване 1980
Печатница Пловдив : Д. Благоев
300 ## - Физическа характеристика
Страници 47 с.
Илюстрации и др. с ил. и к.
Размери/Мащаб 17 см
380 ## - Жанр
Жанр География
490 1# - СЕРИИ (Колекции)
Име на серия Малка туристическа библиотека
500 ## - Общи забележки
Забележка 4 910 тир.
650 #4 - Допълнително описание по предмет – тема
Основно описание – тема или топоним Сливенски окръг
9 (RLIN) 321344
650 #4 - Допълнително описание по предмет – тема
Основно описание – тема или топоним Пътеводители
9 (RLIN) 168579
651 #4 - Допълнително описание по предмет - топоним
Географско понятие Медвен
9 (RLIN) 179202
651 #4 - Допълнително описание по предмет - топоним
Географско понятие Сливенско
9 (RLIN) 179555
852 ## - Местоположение
Форматна сигнатура Цб І 18135
856 4# - Електронен адрес и достъп
Електронен формат pdf - файл
Път до файла /url/
856 4# - Електронен адрес и достъп
Електронен формат pdf - файл
Път до файла /url/
942 ## - АРТИКУЛИ
Вид на библиотечния материал Книги
Скрит в OPAC Не
944 ## - СЪЗДАВАНЕ И РЕДАКЦИЯ на ЗАПИСА
Създаване/Редакция Създаване
Дата на регистрацията/редакция 13.10.2016
Служител, извършил регистрацията/редакцията Кети_Илиева
944 ## - СЪЗДАВАНЕ И РЕДАКЦИЯ на ЗАПИСА
Създаване/Редакция Редакция
Дата на регистрацията/редакция 13.10.2016
Служител, извършил регистрацията/редакцията Кети_Илиева
999 ## - СИСТЕМНИ КОНТРОЛНИ НОМЕРА
Koha biblionumber 183942
Koha biblioitemnumber 183942
Наличности
Код за отписване Код за изгубен артикул Източник на класификационната схема Код за повреда Коз за рестрикции Код за отдаване Артикулен № Име на библиотеката - собственик Име на библиотеката, в която се намира в момента Статус (Текущо местоположение) Дата на вписване в системата Местоположение - отдел Цена в лева Инвентарен номер Систематично азбучна сигнатура Баркод Номер на екземпляра Цена в евро Служебна бележка Служебен тип на артикула
  Не е изгубен Universal Decimal Classification Не е повреден без рестрикции ползва се в читалня 317504 Регионална библиотека "Любен Каравелов" Русе Регионална библиотека "Любен Каравелов" Русе Хранилище 1980-01-01 Хранилище 0.24 306128 Цб І 18135 120000306128 1 0.12 Вид: Сф Дата: 01.01.1980 Книги
Изтеглен Не е изгубен Universal Decimal Classification Не е повреден без рестрикции заемане за дома 317505 Регионална библиотека "Любен Каравелов" Русе Регионална библиотека "Любен Каравелов" Русе Заемна - подръчен фонд 1980-01-01 Заемна - подръчен фонд 0.24 306605 П 914.792/Д 64 306605 2 0.12 Вид: Сф Дата: 01.01.1980 Дата инв: 15.02.2018 Бележки инв: П2018 Книги
Vip Innovations Ltd, Rousse, Bulgaria 2025